| 000 | 00493nam a2200205Ia 4500 | ||
|---|---|---|---|
| 003 | OSt | ||
| 005 | 20230327093014.0 | ||
| 008 | 210423s2007 xx 000 0 und d | ||
| 020 | _a230525075 | ||
| 040 | _cAL | ||
| 041 | _aeng | ||
| 082 | _a809.93592 DYSA | ||
| 100 |
_aDYSON (AE). _978045 |
||
| 245 | _aPope: rape of the lock. | ||
| 260 |
_aNew Delhi _bOxford University Press _c2007 |
||
| 300 |
_a272 _bPB |
||
| 365 |
_b195 _cINR |
||
| 906 | _alock. ; Pope: ; rape | ||
| 942 |
_2ddc _cBK |
||
| 999 |
_c156017 _d156017 |
||